000 00677nam a2200217 a 4500
001 BRCA_6242
005 20190320205401.0
008 200711s1927----u--a######---#000-0#eng-#
041 _aeng
044 _au
050 4 _aZ7164
_b.C8 C38
_c1927
245 1 0 _aCatalogue of publications of the Bureau of Foreign and Domestic Commerce.
260 _aWashington
_bGovernment Printing Office
_c1927
300 _a148 p.
_bil.
_c23 cm.
500 _aIncluye índice alfabético
500 _aK102
650 1 4 _aComercio
_vBibliografía
_915680
651 4 _aEstados Unidos. Department of Commerce. Bureau of Foreign and Domestic Commerce
_915681
902 _aGFM
942 _2lcc
_cB
999 _c5929
_d5929